Mid-year economic analysis 2012-13 / (Record no. 72919)

MARC details
000 -LEADER
fixed length control field 00838nam a22002417a 4500
005 - DATE AND TIME OF LATEST TRANSACTION
control field 20130114122722.0
008 - FIXED-LENGTH DATA ELEMENTS--GENERAL INFORMATION
fixed length control field 130114t xxu||||| |||| 00| 0 eng d
010 ## - LCCN (DPL NO)
LC control number ENG-106549
020 ## - INTERNATIONAL STANDARD BOOK NUMBER
Terms of availability 350.00
International Standard Book Number 0198092407
020 ## - INTERNATIONAL STANDARD BOOK NUMBER
Terms of availability 350.00
International Standard Book Number 9780198092407
035 ## - SYSTEM CONTROL NUMBER
System control number EN-90082
037 ## - SOURCE OF ACQUISITION
Source of stock number/acquisition DBAD / PUB
040 ## - CATALOGING SOURCE
Original cataloging agency DPL
Language of cataloging ENG
082 ## - DEWEY DECIMAL CLASSIFICATION NUMBER
Classification number 330
245 ## - TITLE STATEMENT
Title Mid-year economic analysis 2012-13 /
260 ## - PUBLICATION, DISTRIBUTION, ETC. (IMPRINT)
Place of publication, distribution, etc New Delhi
Name of publisher, distributor, etc Oxford University Press
Date of publication, distribution, etc 2013
270 ## - ADDRESS
Address YMCA Library Building, Jai Singh Road,
City New Delhi
Postal code 110001
300 ## - PHYSICAL DESCRIPTION
Extent ii, 120p.
Dimensions 28cm (pbk)
500 ## - GENERAL NOTE
General note Ministry of finance, Department of Economic Affairs, Economic Division
700 ## - ADDED ENTRY--PERSONAL NAME
9 (RLIN) 54740
942 ## - ADDED ENTRY ELEMENTS (KOHA)
Source of classification or shelving scheme Dewey Decimal Classification
Item type English Books
Call number suffix MID
Classification part 330
Holdings
Withdrawn status Lost status Source of classification or shelving scheme Damaged status Not for loan Collection code Home library Current library Date acquired Source of acquisition Cost, normal purchase price Total Checkouts Full call number Barcode Date last seen Copy number Cost, replacement price Koha item type
    Dewey Decimal Classification     Non-fiction D.B.Act.Division D.B.Act.Division 14/01/2013 DBAD/PUB 350.00   330 MID EN-90082 14/01/2013 1 350.00 English Books

© Delhi Public Library
Hit Counter
free hit counter